Úvod ke studiu filozofie /

Hlavní autor: Zelený, Jindřich, 1922-1997
Jazyk: Čeština
Vydáno: Praha : Univerzita Karlova, 1980
Témata:
Fyzický popis: 129 s.
Knihy
Uloženo v:
LEADER 00855nam a22002412a 4500
001 000421432
003 CZ BrMZK
005 20111023162850.0
007 ta
008 990307s1980 xr f cze d
015 |a cnb000158923 
035 |a (OCoLC)40084465 
040 |a BOA001  |b cze 
100 1 |a Zelený, Jindřich,  |d 1922-1997  |7 jk01152397 
245 1 0 |a Úvod ke studiu filozofie /  |c Jindřich Zelený. 
260 |a Praha :  |b Univerzita Karlova,  |c 1980 
300 |a 129 s. 
910 |a BOA001  |b PK-N-0019.044-80  |b 4-0775.137-80 
920 |a 000103935 
964 |a Filozofie - studium - úvody - texty vysokoškolské 
990 |a BK 
996 7 |b 2619995993  |c 4-0775.137-80  |l MZK  |r Sklad / do 1 hodiny  |n 15  |p xerox  |w 000421432  |u 000020  |a 1  |e BOA001  |j MZK50  |s A 
996 7 |b 3119825270  |c PK-N-0019.044-80  |l MZK  |r Sklad / do 1 hodiny  |n 1  |w 000421432  |u 000010  |a 1  |e BOA001  |j MZK50  |s A